Maat lähimpänä Viroa - yhden minuutin sprintti - Statistics

Yleistilastot
  • Tätä visaa on pelattu 66 kertaa
  • Keskiarvotulos 16 / 20
Vastaustilastot
km maa % Oikein
47 Suomi
100%
0 Venäjä
100%
0 Latvia
98%
152 Liettua
98%
150 Ruotsi
97%
396 Puola
95%
636 Saksa
95%
157 Valko-Venäjä
93%
554 Norja
90%
523 Tanska
88%
890 Tšekki
88%
622 Ukraina
84%
939 Slovakia
81%
1041 Unkari
76%
1076 Itävalta
69%
1030 Romania
50%
1283 Belgia
48%
1288 Slovenia
48%
1067 Alankomaat
47%
1013 Moldova
47%
Ehtoja vastaavia visoja ei löytynyt
Tulosjakauma
Jokaisen tuloksen saaneiden osuus
Persentiili vastausten määrän mukaan
Tuloshistoriasi
Et ole pelannut tätä visaa